000 01628namaa2200457uu 4500
001 doab121417
003 oapen
005 20260305123953.0
006 m o d
007 cr|mn|---annan
008 231116s2024 xx |||||o ||| 0|eng d
020 _a9781003355694
020 _a9781032409863
020 _a9781032409870
040 _aoapen
_coapen
041 0 _aeng
042 _adc
072 7 _aJN
_2bicssc
072 7 _aJNQ
_2bicssc
720 1 _aWillermark, Sara
_4edt
245 0 0 _aDigitalization and Digital Competence in Educational Contexts
_bA Nordic Perspective from Policy to Practice
260 _bTaylor & Francis
_c2024
300 _a1 online resource
336 _atext
_btxt
_2rdacontent
337 _acomputer
_bc
_2rdamedia
338 _aonline resource
_bcr
_2rdacarrier
506 0 _aFree-to-read
_fUnrestricted online access
_2star
520 _aDigital competence, teachers, infrastructures for teaching and working, challenges
540 _aAll rights reserved
_uhttp://oapen.org/content/about-rights
546 _aEnglish
650 7 _aEducation
_2bicssc
650 7 _aOpen learning, home learning, distance education
_2bicssc
653 _aDigital competence, teachers, infrastructures for teaching and working, challenges
720 1 _aLindberg, J Ola
_4edt
720 1 _aLindberg, J Ola
_4oth
720 1 _aOlofsson, Anders D.
_4edt
720 1 _aOlofsson, Anders D.
_4oth
720 1 _aWillermark, Sara
_4oth
793 0 _aDOAB Library.
856 4 0 _uhttps://directory.doabooks.org/handle/20.500.12854/121417
_70
_zFree-to-read: DOAB: description of the publication
999 _c93180
_d93180